00573nam a2200181Ia 450000500170000000800410001702000160005804000190007404100120009308200150010524500960012026000420021630000340025844000260029265000390031870000240035785000100038120230717094231.0131103s9999 xx 000 0 und d a083510984 4 aLoreto College aEnglish a915.1bLIA aGeographyccompiled by the China Handbook Editorial Committee;translated by Liang Liangxing aBeijingbForeign Language Pressc1983 a[6],260 p.b ill.,maps,tables aChina Handbook Series aChina Handbook Editorial Committee aLiangxing,Liang,tr. aLCLIB